000 00572nam a22001695i 4500
001 54345
003 ES-MaACL
005 20230906162935.0
007 t|
008 960718s1884 ve ||||1| spa d
040 _aCAM
_bspa
_cCAM
100 1 _aFombona, Evaristo.
_951480
245 1 0 _aPáginas literarias
_b: Isabel la Católica; Bolívar; Fr. Bartolomé de las Casas; La religión de la patria /
_cpor Evaristo Fombona.
260 _aCaracas :
_b[s.n.],
_c1884 (
_fTipografía de Vapor de el Cojo)
300 _aVII, 176 p. ;
_c26 cm.
852 _aES-MaACL
_jT-388-F-14
999 _c54345
_d54345